000 00402pab a2200145 454500
008 180718b1990 xxu||||| |||| 00| 0 eng d
100 _aDeLeon, Peter
245 _aPolicy formulation
_bWhere ignorant armies clash by night
260 _c1990
300 _a214-31
362 _aDec.
650 _aPublic Policy - Research - U.S.A.
773 _aAsian Journal of Public Administration
909 _a16960
999 _c16960
_d16960